书目信息 |
| 题名: |
C语言程序设计
|
|
| 作者: | 谭浩强 著 | |
| 分册: | ||
| 出版信息: | 北京 清华大学出版社 2000.01 |
|
| 页数: | 338页 | |
| 开本: | 16开 | |
| 丛书名: | ||
| 单 册: | ||
| 中图分类: | TP312C | |
| 科图分类: | ||
| 主题词: | 软件 | |
| 电子资源: | ||
| ISBN: | 7-302-03791-4 | |
| 000 | 00500nam0 2200181 45 | |
| 001 | 0011212015 | |
| 005 | 20081020154431.85 | |
| 010 | @a7-302-03791-4@d24.00元 | |
| 100 | @a20001121d2000 km y0chiy0120 ea | |
| 101 | 0 | @achi |
| 200 | 1 | @aC语言程序设计@AC Yu Yan Cheng Xu She Ji@f谭浩强著@FTan Hao Qiang Zhu |
| 210 | @a北京@c清华大学出版社@d2000.01 | |
| 215 | @a338页@d16开 | |
| 606 | 0 | @a软件 |
| 690 | @aTP312C@v3 | |
| 701 | 0 | @a谭浩强@4著 |
| 801 | @aCN@c20081020 | |
| 905 | @b500341-360@dTP312C@eT680/3@f20 | |
| C语言程序设计/谭浩强著.-北京:清华大学出版社,2000.01 |
| 338页;16开 |
| ISBN 7-302-03791-4:24.00元 |
| ● |
| 相关链接 |
|
|
|
正题名:C语言程序设计
索取号:TP312C/T680/3
 
预约/预借
| 序号 | 登录号 | 条形码 | 馆藏地/架位号 | 状态 | 备注 |
| 1 | 456008 | 204560082 | 期刊室512/301自科库 46排2列5层/ [索取号:TP312C/T680/3] | 在馆 | |
| 2 | 456009 | 204560091 | 自科库301/301自科库 54排6列2层/ [索取号:TP312C/T680/3] | 在馆 | |
| 3 | 456010 | 204560108 | 自科库301/301自科库 48排5列2层/ [索取号:TP312C/T680/3] | 在馆 | |
| 4 | 500341 | 205003413 | 自科二线504/504自科库 16排2列2层/ [索取号:TP312C/T680/3] | 在馆 | |
| 5 | 500342 | 205003422 | 自科二线504/504自科库 4排4列3层/ [索取号:TP312C/T680/3] | 在馆 | |
| 6 | 500343 | 205003431 | 自科二线504/504自科库 4排4列3层/ [索取号:TP312C/T680/3] | 在馆 | |
| 7 | 500344 | 205003440 | 自科二线504/504自科库 4排4列3层/ [索取号:TP312C/T680/3] | 在馆 | |
| 8 | 500345 | 205003459 | 自科二线504/504自科库 4排4列3层/ [索取号:TP312C/T680/3] | 在馆 | |
| 9 | 500346 | 205003468 | 自科库301/ [索取号:TP312C/T680/3] | 在馆 | |
| 10 | 500347 | 205003477 | 自科二线504/504自科库 16排1列1层/ [索取号:TP312C/T680/3] | 在馆 | |
| 11 | 500348 | 205003486 | 自科二线504/504自科库 4排4列3层/ [索取号:TP312C/T680/3] | 在馆 | |
| 12 | 500349 | 205003495 | 自科二线504/504自科库 16排2列2层/ [索取号:TP312C/T680/3] | 在馆 | |
| 13 | 500350 | 205003501 | 自科库301/301自科库 54排6列2层/ [索取号:TP312C/T680/3] | 在馆 | |
| 14 | 500351 | 205003510 | 自科二线504/504自科库 4排4列4层/ [索取号:TP312C/T680/3] | 在馆 | |
| 15 | 500352 | 205003529 | 自科二线504/504自科库 16排1列1层/ [索取号:TP312C/T680/3] | 在馆 | |
| 16 | 500353 | 205003538 | 自科二线504/504自科库 4排4列3层/ [索取号:TP312C/T680/3] | 在馆 | |
| 17 | 500354 | 205003547 | 自科二线504/504自科库 4排4列2层/ [索取号:TP312C/T680/3] | 在馆 | |
| 18 | 500355 | 205003556 | 自科二线504/504自科库 4排4列3层/ [索取号:TP312C/T680/3] | 在馆 | |
| 19 | 500356 | 205003565 | 自科二线504/504自科库 4排4列3层/ [索取号:TP312C/T680/3] | 在馆 | |
| 20 | 500357 | 205003574 | 自科库301/ [索取号:TP312C/T680/3] | 在馆 | |
| 21 | 500358 | 205003583 | 自科二线504/504自科库 4排4列3层/ [索取号:TP312C/T680/3] | 在馆 | |
| 22 | 500359 | 205003592 | 自科二线504/504自科库 4排4列3层/ [索取号:TP312C/T680/3] | 在馆 | |
| 23 | 500360 | 205003609 | 自科二线504/504自科库 4排4列4层/ [索取号:TP312C/T680/3] | 在馆 |